00362 a2200145 4500001000700000003000400007005001700011008004100028082001400069100001800083245004100101260003900142300001000181653002500191001686OSt20211203103213.0  a546bS24I1 aSharpe, A. G.1 aInorganic chemistrycby A. G. Sharpe aNew DelhibPearson Educationc2010 a702p. aChemistry, Inorganic